000 00319nam a2200145Ia 4500
100 _aLuger/George F
650 _aArtificial Intelligence
942 _cBK
245 _aArtificial intelligence
260 _bPearson Education
_c2005
082 _a006.3/LUG
_bLUG
300 _a903
546 _aENGLISH
999 _c27634
_d27634